000
00388nam a2200133Ia 4500
008
100328s9999 xx 000 0 und d
082
_b
66948
100
_a
राजपूत रघुवीरसिंह.
245
_a
निर्माल्य.
260
_b
साकेत.
630
_a
निर्माल्य.
730
_a
निर्माल्य.
942
_c
BOOK
999
_c
552687
_d
552684